| 000 | 01133cam a2200289 4500 | ||
|---|---|---|---|
| 999 |
_c7549 _d7549 |
||
| 001 | 2653859 | ||
| 003 | GBCCL | ||
| 005 | 20241126110631.0 | ||
| 008 | 691223s1969 dcuabf 001 0 eng | ||
| 010 | _a 70094657 | ||
| 040 |
_aDLC _cDLC _dDLC |
||
| 050 | 0 | 0 |
_aE61 _b.S9 |
| 051 |
_aE61 _b.S9 Copy 3 _cProvenance: Gift of Jay I. Kislak Foundation. |
||
| 082 | 0 | 0 |
_a970.1 _bSTU |
| 100 | 1 |
_aStuart, George E. _913348 |
|
| 245 | 1 | 0 |
_aDiscovering man's past in the Americas, _cby George E. Stuart and Gene S. Stuart. Foreword by Matthew W. Stirling. Produced by the Special Publications Division, National Geographic Society. |
| 260 |
_a[Washington, _bNational Geographic Society, _c1969] |
||
| 300 |
_a211 p. _billus., maps, col. plates. _c27 cm. |
||
| 651 | 0 |
_aAmerica _xAntiquities. _913349 |
|
| 700 | 1 |
_aStuart, Gene S., _ejoint author. _913350 |
|
| 710 | 2 |
_aNational Geographic Society (U.S.). _bSpecial Publications Division. _913351 |
|
| 710 | 2 |
_aJay I. Kislak Reference Collection (Library of Congress) _5DLC _913352 |
|
| 906 |
_a7 _bcbc _corignew _du _encip _f19 _gy-gencatlg |
||
| 942 |
_2ddc _cBK |
||